|
|
|
|
| LEADER |
00648cam a2200217ua 4500 |
| 008 |
060815t2001||||||||||| 00 ||eng c |
| 020 |
|
|
|a 81-203-1639-8
|
| 041 |
0 |
|
|a eng
|
| 082 |
|
|
|a 005.133 VC++
|b BAT/P
|
| 100 |
|
|
|a Bates, Jonathan,
|
| 245 |
0 |
0 |
|a Practical visual c++ 6 /
|
| 250 |
|
|
|a 1st.
|
| 260 |
|
|
|a New Delhi:
|b Prentice-Hall of India,
|c 2001.
|
| 300 |
|
|
|a xiv, 832p..
|
| 362 |
1 |
|
|a 2001.
|
| 365 |
|
|
|a Rs.295/-
|e pb
|
| 650 |
0 |
|
|a Visual C++
|
| 700 |
0 |
2 |
|a Tompkins,Timothy
|
| 942 |
|
|
|c BK
|
| 999 |
|
|
|c 4956
|d 4956
|
| 952 |
|
|
|0 0
|1 0
|4 0
|6 005_133000000000000_VC_BAT
|7 0
|9 5194
|a KUCL
|b KUCL
|d 2014-05-23
|l 0
|o 005.133 VC++ BAT/
|p 08758
|r 2014-05-23
|w 2014-05-23
|y BK
|